| 000 | 00959cam a22002175a 4500 | ||
|---|---|---|---|
| 001 | L141136 | ||
| 008 | 071030s1828 xxk eng u | ||
| 035 | _a(Sirsi) u141136 | ||
| 041 | 0 | _aeng | |
| 110 | 2 |
_aMessrs. Driver _95430 |
|
| 245 | 0 | 4 | _aThe Manor of Chertsey Boemond in the county of Surrey...belonging to His Majesty...which will be sold by auction...by Messrs. Driver in paer at the Auction Mart, London on Tuesday the 24th of June 1828 at 12 o'clock in 33 lots, and the remainder at the Swan Inn, Chertsey on Wednesday the 25th of June 1828 at 11 o'clock in 72 lots |
| 260 |
_aS.l. _bs.n. _c[1828] |
||
| 300 |
_a26 p. _bmap _c37 cm. + _e1 sheet (18 x 14 cm.) |
||
| 340 | _aPrinted | ||
| 351 | _cSingle item | ||
| 500 | _aItem includes a fold-out plan of the area. | ||
| 500 | _aItem accompanied by a pencil note | ||
| 651 | 4 | _aSurrey | |
| 690 | _aPROPERTY-PROPERTY ACQUISITION AND DISPOSAL-ACQUISITION AND DISPOSAL AT AUCTION | ||
| 942 | _n0 | ||
| 999 |
_c116616 _d116616 |
||